Statistics for This Day in History - May

Click here to take the quiz!

General Stats

  • This quiz has been taken 44,402 times
    (23,188 since last reset)
  • The average score is 21 of 31

Answer Stats

DateYearClueAnswer% Correct
May 81945This nation unconditionally surrendersGermany
92%
May 72000This judo enthusiast becomes President of RussiaVladimir Putin
90%
May 101994This man becomes the first black leader of South AfricaNelson Mandela
89%
May 131888Brazil finally abolishes thisSlavery
88%
May 111997A computer beats world champion Garry Kasparov at this activityChess
87%
May 22011This infamous person is killed in PakistanOsama Bin Laden
87%
May 191962This actress sings "Happy Birthday" to President KennedyMarilyn Monroe
85%
May 121949The USSR lifts its blockade of this cityBerlin
80%
May 271927This company discontinues the Model TFord
80%
May 291953Edmund Hillary and Tenzing Norgay reach the summit of this mountainMount Everest
79%
May 161929These awards are presented for the first timeThe Academy Awards
78%
May 301431This female warrior is burned at the stakeJoan of Arc
76%
May 11328England recognizes the independence of this countryScotland
74%
May 231533This king divorces Catherine of AragonKing Henry VIII
73%
May 61937This German zeppelin is destroyed by fireHindenburg
71%
May 141796Edward Jenner administers the first vaccine for this diseaseSmallpox
71%
May 261940Allied forces evacuate Europe from this city in FranceDunkirk
61%
May 201498This Portuguese explorer reaches India by seaVasco da Gama
60%
May 241844Samuel Morse sends the first official message using this deviceTelegraph
59%
May 181980This volcano erupts in the U.S. state of WashingtonMount St. Helens
58%
May 51260This khan becomes ruler of the Mongol EmpireKublai
57%
May 281998This country tests nuclear weapons for the first timePakistan
57%
May 91936This country is formally annexed by ItalyEthiopia
56%
May 251787The Constitutional Convention opens in this cityPhiladelphia
54%
May 211927This aviator reaches Paris after a non-stop flight from New YorkCharles Lindbergh
52%
May 31973This building is completed. It would be the tallest in the world
for over 20 years.
{Sears} Tower
51%
May 311916The UK and Germany fight this famous naval battle,
named for Denmark's main peninsula
Battle of {Jutland}
49%
May 151972This island, under U.S. occupation, reverts to Japanese controlOkinawa
48%
May 41994This PLO leader signs a peace accord with IsraelYasser Arafat
48%
May 171805Muhammad Ali becomes leader of this countryEgypt
41%
May 221807This former U.S. Vice President is indicted on charges of treasonAaron Burr
28%

Score Distribution

Percentile by Number Answered

Percent of People with Each Score

Your Score History

You have not taken this quiz since the last reset